IT yil Velai Vendumaa? (Record no. 203047)

MARC details
000 -LEADER
fixed length control field 00444nam a2200193Ia 4500
008 - FIXED-LENGTH DATA ELEMENTS--GENERAL INFORMATION
fixed length control field 240823s9999||||xx |||||||||||||| ||und||
020 ## - INTERNATIONAL STANDARD BOOK NUMBER
International Standard Book Number 978-93-81098-0-11
082 ## - DEWEY DECIMAL CLASSIFICATION NUMBER
-- 004.023 Q0
100 ## - MAIN ENTRY--PERSONAL NAME
Personal name Xavier
245 #0 - TITLE STATEMENT
Title IT yil Velai Vendumaa?
250 ## - EDITION STATEMENT
Edition statement 1st
260 ## - PUBLICATION, DISTRIBUTION, ETC. (IMPRINT)
Date of publication, distribution, etc 201
Name of publisher, distributor, etc Blackhole Media Public
500 ## - GENERAL NOTE
General note YES
650 ## - SUBJECT ADDED ENTRY--TOPICAL TERM
Topical term or geographic name as entry element Tamil Books
942 ## - ADDED ENTRY ELEMENTS (KOHA)
Item type Books
Holdings
Withdrawn status Lost status Damaged status Permanent location Current location Date acquired Source of acquisition Cost, normal purchase price Full call number Barcode Date last seen Koha item type
      CENTRAL LIBRARY, NOORUL ISLAM CENTRE FOR HIGHER EDUCATION CENTRAL LIBRARY, NOORUL ISLAM CENTRE FOR HIGHER EDUCATION 04/08/2014 Gift From Department 150.00 004.023 Q0 54002 08/23/2024 Books
Visitors:
Copyright © 2024 Central Library NICHE.  All rights reserved.